000 02120cam a2200169 4500500
005 20260208003055.0
041 _afre
042 _adc
100 1 0 _aMellet, Kevin
_eauthor
245 0 0 _aPhilip M. NAPOLI, Audience Evolution. New technologies and the Transformation of Media Audiences, New York, Columbia University Press, 2010, 272 p.
260 _c2012.
500 _a12
520 _aRésuméL’internet, et le web en particulier, sont souvent présentés comme de « nouveaux médias », en comparaison des médias de masse et notamment de la télévision. Une telle opposition est nuancée par la confrontation de l’offre d’information des sites d’actualité à celle des journaux télévisés. Sites et JT se focalisent sur les mêmes événements au cœur de l’agenda médiatique, avec toutefois une couverture de l’actualité élargie sur le web. Ils se rejoignent autour du principal événement observé en mars 2011 (tsunami au Japon), accordant une place au débat sur le nucléaire. Des différences sont toutefois perceptibles : les JT mettent en scène ce débat quand certains sites d’actualité l’animent directement.
520 _aIs the news more diversified on the web than on television? An exploratory comparison between news websites and news TV programmesThe Internet and especially the Web are often portrayed as «new media», as opposed to mass media such as television. Comparing the news offered on websites with that of TV programmes nevertheless provides a more nuanced picture. Websites and TV programmes tend to focus on the same events dominating the media agenda, although a wider spectrum of news is provided on the Web. They both dealt with the main event that occurred in March 2011 (tsunami in Japan), thereby providing a forum for debate on nuclear energy. However some differences remain, as TV programmes mainly report on the debate while some websites directly take part in it.
786 0 _nRéseaux | 176 | 6 | 2012-12-01 | p. 173a-177a | 0751-7971
856 4 1 _uhttps://shs.cairn.info/revue-reseaux-2012-6-page-173a?lang=fr&redirect-ssocas=7080
999 _c1646980
_d1646980